[Event "Campeonato Argentino 2013"]
[Site "SchemingMind.com"]
[Date "2012.11.20"]
[Round "-"]
[White "Netferatu"]
[Black "Oskyrain"]
[Result "0-1"]
[WhiteCountry "ARG"]
[BlackCountry "ARG"]
[WhiteElo "2385"]
[WhiteRD "92"]
[BlackElo "2474"]
[BlackRD "79"]
[GameID "321438"]

1. c4 Nf6 2. d4 e6 3. Nc3 Bb4 4. e3 O-O 5. Nf3 c5 6. dxc5 Ne4 7. Qc2 Bxc3+ 8. bxc3 Nxc5 9. Ba3 Qc7 10. Be2 b6
11. O-O Bb7 12. Rfd1 d6 13. Qb2 Rd8 14. Bxc5 dxc5 15. Rxd8+ Qxd8 16. Rd1 Qe7 17. Ne5 f6 18. Nf3 Nc6 19. Qc2 Rd8 20. Bd3 g6
21. e4 Qc7 22. Qc1 Kg7 23. h4 h5 24. Be2 e5 25. Rxd8 Nxd8 26. Nd2 Bc6 27. Qd1 Qd7 28. g3 Nf7 29. Qc2 Nd6 30. Kh2 Qb7
31. Bd3 Kf8 32. Qd1 Qa6 33. Qc2 Qc8 34. Qd1 Ke7 35. Kg2 Qe6 36. Qe2 f5 37. Kf1 f4 38. Kg2 Bd7 39. Kg1 Qf6 40. Bc2 Bg4
41. Qf1 g5 42. hxg5 Qxg5 43. Qe1 Qh6 44. Bd3 h4 45. gxf4 Qxf4 46. Qe3 Qxe3 47. fxe3 Nf7 48. Kh2 Kf6 49. Nf1 Nh6 50. Kg2 Bd1
51. Nh2 Kg6 52. Kh3 Kg5 53. Bf1 Ng4 54. Nxg4 Bxg4+ 55. Kh2 Bf3 56. a3 Bxe4 57. Be2 Bf5 58. Kg2 Bg4 59. Bf1 Bd1 60. Kf2 Kf5
61. Bg2 Bb3 62. Bd5 Kg4 63. Bf3+ Kg5 64. Be2 e4 65. Bf1 Kg4 66. Be2+ Kh3 67. Bf1+ Kh2
0-1

[Event "Campeonato Argentino 2013"]
[Site "SchemingMind.com"]
[Date "2012.11.20"]
[Round "-"]
[White "Mariazb"]
[Black "Oskyrain"]
[Result "1-0"]
[WhiteCountry "ARG"]
[BlackCountry "ARG"]
[WhiteElo "2253"]
[WhiteRD "93"]
[BlackElo "2411"]
[BlackRD "97"]
[GameID "321439"]

1. b3 e5 2. Bb2 Nc6 3. e3 Nf6 4. Bb5 Bd6 5. Na3 Na5 6. Be2 a6 7. c4 O-O 8. Nf3 e4 9. Nd4 Re8 10. O-O Be5
11. b4 Nc6 12. Nac2 Ne7 13. h3 d6 14. Rb1 Ng6 15. d3 c5 16. f4 Bxd4 17. exd4 cxb4 18. Nxb4 Bf5 19. dxe4 Bxe4 20. Bd3 Nh5
21. Qxh5
1-0

[Event "Campeonato Argentino 2013"]
[Site "SchemingMind.com"]
[Date "2012.11.19"]
[Round "-"]
[White "jrsanpedro"]
[Black "Oskyrain"]
[Result "1/2-1/2"]
[WhiteCountry "ARG"]
[BlackCountry "ARG"]
[WhiteElo "2237"]
[WhiteRD "71"]
[BlackElo "2431"]
[BlackRD "98"]
[GameID "321440"]

1. e4 c5 2. Nf3 d6 3. d4 cxd4 4. Nxd4 Nf6 5. Nc3 a6 6. Bg5 e6 7. f4 Nbd7 8. Qe2 h6 9. Bh4 e5 10. fxe5 Nxe5
11. Bxf6 Qxf6 12. Nd5 Qd8 13. Qf2 Be7 14. Be2 Be6 15. Nxe6 fxe6 16. Nxe7 Qa5+ 17. c3 Kxe7 18. O-O Rhf8 19. Qd4 Qc5 20. Qxc5 dxc5
21. b3 Rxf1+ 22. Rxf1 Rd8 23. Rd1 Rxd1+ 24. Bxd1 Nd3 25. Kf1 Nc1 26. a3= Na2 27. c4= Kd6 28. Kf2 Nc3 29. Bc2 Ke5 30. Ke3 g5
31. g4 b6 32. h3= a5 33. a4 Na2 34. Bd3 Nb4 35. Bb1 Nc6 36. Bc2 Nd4 37. Bd1 Kd6 38. Kd3 e5 39. Ke3=
1/2-1/2

[Event "Campeonato Argentino 2013"]
[Site "SchemingMind.com"]
[Date "2012.11.19"]
[Round "-"]
[White "hmvais"]
[Black "Oskyrain"]
[Result "0-1"]
[WhiteCountry "ARG"]
[BlackCountry "ARG"]
[WhiteElo "1979"]
[WhiteRD "112"]
[BlackElo "2443"]
[BlackRD "82"]
[GameID "321441"]

1. c4 Nf6 2. Nc3 e6 3. e4 d5 4. e5 d4 5. exf6 dxc3 6. fxg7 cxd2+ 7. Bxd2 Bxg7 8. Qc2 Nc6 9. Nf3 Nd4 10. Nxd4 Bxd4
11. O-O-O Bd7 12. Bd3 Qe7 13. Bxh7 O-O-O 14. Be4 f5 15. Bf3 e5 16. Bc3 Qg5+ 17. Qd2 Qxd2+ 18. Rxd2 Bxc3 19. bxc3 e4 20. Be2 Rdg8
21. Bf1 Bc6 22. Rd4 e3 23. fxe3 Bxg2 24. Bxg2 Rxg2 25. Rd2 Rg4 26. Kc2 Rxc4 27. Kb3 Re4 28. Rf1 Rxe3 29. Rxf5 b6 30. Rff2 Kb7
31. Rfe2 Reh3 32. a4 R8h4 33. Rg2 Ka6 34. Rd7 c5 35. Rg3 Rxg3 36. hxg3 Rg4 37. Re7 Rxg3 38. Rd7 Rg8 39. Re7 Ra8 40. Re2 Ka5
41. c4 Rf8 42. Re3 Rf4 43. Rh3 Rf1 44. Rc3 Rb1+ 45. Ka3 Ra1+ 46. Kb3 Rxa4 47. Rc2 a6 48. Rc3 Rb4+ 49. Ka3 Rb1 50. Ka2 Rg1
51. Ra3+ Kb4 52. Rb3+ Kxc4 53. Rxb6 a5 54. Ka3 Kd3 55. Rd6+ Kc2 56. Ka4 c4 57. Kxa5 c3 58. Ka4 Rb1 59. Ka3 Rb8 60. Rd4 Ra8+
61. Kb4 Kb2 62. Kb5 c2 63. Rb4+ Ka3 64. Rc4 Rb8+
0-1

[Event "Campeonato Argentino 2013"]
[Site "SchemingMind.com"]
[Date "2012.11.23"]
[Round "-"]
[White "emvarela"]
[Black "Jorge Anibal DEKMAK"]
[Result "0-1"]
[WhiteCountry "ARG"]
[BlackCountry "ARG"]
[WhiteElo "1761"]
[WhiteRD "51"]
[BlackElo "2340"]
[BlackRD "103"]
[GameID "321628"]

1. e4 e5 2. Nf3 Nf6 3. Nxe5 d6 4. Nf3 Nxe4 5. d4 d5 6. Bd3 Nc6 7. O-O Be7 8. c4 Nb4 9. Be2 O-O 10. Nc3 Be6
11. Be3 Bf5 12. Rc1 dxc4 13. Bxc4 c6 14. Ne5 Nxc3 15. bxc3 Nd5 16. Bxd5 cxd5 17. Qb3 f6 18. Nf3 Qd7 19. c4 dxc4 20. Qxc4+ Be6
21. Qe2 Bd5 22. Rc2 Bd6 23. Nd2 Qf7 24. Nc4 Rac8 25. Nxd6 Qg6
0-1

[Event "Campeonato Argentino 2013"]
[Site "SchemingMind.com"]
[Date "2012.11.21"]
[Round "-"]
[White "emvarela"]
[Black "Oskyrain"]
[Result "0-1"]
[WhiteCountry "ARG"]
[BlackCountry "ARG"]
[WhiteElo "1759"]
[WhiteRD "49"]
[BlackElo "2417"]
[BlackRD "93"]
[GameID "321629"]

1. e4 c5 2. Nf3 d6 3. d4 cxd4 4. Nxd4 Nf6 5. Nc3 a6 6. Be3 e5 7. Nb3 Be6 8. f3 Be7 9. Qd2 Nbd7 10. g4 h6
11. O-O-O b5 12. h4 Nb6 13. Qf2 Nfd7 14. Bxb6 Nxb6 15. Be2 Qc7 16. f4 Rc8 17. f5 Bxb3 18. axb3 b4 19. Bxa6 bxc3 20. Bb5+ Kf8
21. Rd3 Qa7 22. Ba4 cxb2+ 23. Kb1 Qa6 24. Kxb2 Nxa4+ 25. bxa4 Qxa4 26. Ra1 Qb4+ 27. Rb3 Qxe4 28. Ra7 Bf6 29. Rbb7 Qc4 30. Rxf7+ Kg8
31. Qd2 e4+ 32. Kc1 e3
0-1

[Event "Campeonato Argentino 2013"]
[Site "SchemingMind.com"]
[Date "2012.11.21"]
[Round "-"]
[White "emvarela"]
[Black "Netferatu"]
[Result "0-1"]
[WhiteCountry "ARG"]
[BlackCountry "ARG"]
[WhiteElo "1759"]
[WhiteRD "49"]
[BlackElo "2373"]
[BlackRD "106"]
[GameID "321630"]

1. e4 e5 2. Nf3 Nc6 3. Bb5 a6 4. Bxc6 dxc6 5. O-O Bg4 6. h3 h5 7. d3 Qf6 8. Nbd2 g5 9. Nc4 Bxf3 10. Qxf3 Qxf3
11. gxf3 f6 12. Kg2 Nh6 13. Be3 O-O-O 14. Rfd1 Nf7 15. d4 Be7 16. dxe5 fxe5 17. a3 b6 18. b4 Rxd1 19. Rxd1 Rd8 20. Rxd8+ Bxd8
21. a4 Be7 22. c3 b5 23. Nb2 a5 24. bxa5 Ba3 25. axb5 Bxb2 26. c4 h4 27. bxc6 Bc3 28. a6 Kb8 29. Kf1 Bd4 30. Ke2 Bxe3
31. fxe3 Ka7 32. f4 gxf4 33. exf4 exf4 34. Kf3 Ng5+ 35. Kxf4 Nxh3+ 36. Kg4 Nf2+ 37. Kxh4 Nxe4
0-1

[Event "Campeonato Argentino 2013"]
[Site "SchemingMind.com"]
[Date "2012.11.23"]
[Round "-"]
[White "emvarela"]
[Black "Mariazb"]
[Result "0-1"]
[WhiteCountry "ARG"]
[BlackCountry "ARG"]
[WhiteElo "1759"]
[WhiteRD "49"]
[BlackElo "2276"]
[BlackRD "94"]
[GameID "321631"]

1. e4 c6 2. d4 d5 3. Nc3 dxe4 4. Nxe4 Bf5 5. Ng3 Bg6 6. h4 h6 7. Nf3 Nd7 8. h5 Bh7 9. Bd3 Bxd3 10. Qxd3 e6
11. Bf4 Bb4+ 12. c3 Be7 13. O-O-O Ngf6 14. c4 O-O 15. Ne5 Qa5 16. a3 Nxe5 17. dxe5 Rfd8 18. Qb3 Nd7 19. Rhe1 Nc5 20. Qc3 Qxc3+
21. bxc3 Nd3+
0-1

[Event "Campeonato Argentino 2013"]
[Site "SchemingMind.com"]
[Date "2012.11.19"]
[Round "-"]
[White "emvarela"]
[Black "jrsanpedro"]
[Result "0-1"]
[WhiteCountry "ARG"]
[BlackCountry "ARG"]
[WhiteElo "1743"]
[WhiteRD "47"]
[BlackElo "2237"]
[BlackRD "71"]
[GameID "321632"]

1. e4 c5 2. Nf3 d6 3. d4 cxd4 4. Nxd4 Nf6 5. Nc3 a6 6. Be3 e5 7. Nb3 Be6 8. f3 Be7 9. Qd2 O-O 10. O-O-O Nbd7
11. g4 Qc7 12. g5 Nh5 13. Be2 Rac8 14. Nd5 Bxd5 15. exd5 Nb6 16. Bxb6 Qxb6 17. h4 Nf4 18. Bd3 a5 19. Nxa5 Nxd3+ 20. Qxd3 Qxa5
21. a3 Qa4 22. Rde1 Rc5 23. Re4 Qa6 24. Qd1 Qa5
0-1

[Event "Campeonato Argentino 2013"]
[Site "SchemingMind.com"]
[Date "2012.11.21"]
[Round "-"]
[White "emvarela"]
[Black "hmvais"]
[Result "0-1"]
[WhiteCountry "ARG"]
[BlackCountry "ARG"]
[WhiteElo "1759"]
[WhiteRD "49"]
[BlackElo "1984"]
[BlackRD "109"]
[GameID "321633"]

1. e4 e5 2. Nf3 Nf6 3. Nxe5 d6 4. Nf3 Nxe4 5. d4 d5 6. Bd3 Be7 7. O-O O-O 8. c4 Nc6 9. cxd5 Qxd5 10. Nc3 Nxc3
11. bxc3 Bg4 12. Re1 Rfe8 13. Be4 Qc4 14. Qd3 Qxd3 15. Bxd3 Bd6 16. Bd2 h6 17. Be4 Rad8 18. Bxc6 bxc6 19. Rxe8+ Rxe8 20. Re1 Rxe1+
21. Nxe1 Be2 22. Nc2 Bc4 23. a3 Bd3 24. Nb4 Bb5 25. g3 c5 26. dxc5 Bxc5 27. Be3 Bxe3 28. fxe3 Kf8 29. Kf2 Ke7 30. e4 f6
31. Ke3 Ke6 32. Kd4 a5 33. Nd5 Kd6 34. c4 c5+ 35. Kc3 Be8 36. h4 Ke5 37. Ne3 Kxe4
0-1

[Event "Campeonato Argentino 2013"]
[Site "SchemingMind.com"]
[Date "2012.11.23"]
[Round "-"]
[White "Jorge Anibal DEKMAK"]
[Black "emvarela"]
[Result "1-0"]
[WhiteCountry "ARG"]
[BlackCountry "ARG"]
[WhiteElo "2340"]
[WhiteRD "103"]
[BlackElo "1761"]
[BlackRD "51"]
[GameID "321634"]

1. e4 e5 2. Nf3 Nc6 3. Bb5 a6 4. Ba4 Nf6 5. O-O Be7 6. Re1 b5 7. Bb3 O-O 8. c3 d5 9. exd5 Nxd5 10. Nxe5 Nxe5
11. Rxe5 c6 12. d4 Bd6 13. Re1 Qh4 14. g3 Qh3 15. Be3 Bg4 16. Qd3 Rae8 17. Nd2 Re6 18. a4 Qh5 19. axb5 axb5 20. Qf1 Bh3
21. Qe2 Bg4 22. Qd3 Rfe8 23. Bxd5 cxd5 24. Qxb5 Bf3 25. Nxf3 Qxf3 26. Ra5 Bf4 27. Qxd5 Qxd5 28. Rxd5 Bxe3 29. Rxe3 Rxe3 30. fxe3 f6
31. Kf2
1-0

[Event "Campeonato Argentino 2013"]
[Site "SchemingMind.com"]
[Date "2012.11.20"]
[Round "-"]
[White "Oskyrain"]
[Black "emvarela"]
[Result "1-0"]
[WhiteCountry "ARG"]
[BlackCountry "ARG"]
[WhiteElo "2411"]
[WhiteRD "97"]
[BlackElo "1761"]
[BlackRD "51"]
[GameID "321635"]

1. e4 e5 2. Nf3 Nc6 3. Bc4 Bc5 4. c3 Nf6 5. d4 exd4 6. e5 d5 7. Bb5 Ne4 8. cxd4 Bb6 9. Be3 O-O 10. Nc3 Bg4
11. h3 Bh5 12. O-O Bxf3 13. gxf3 Nxc3 14. bxc3 f5 15. Kh2 f4 16. Bc1 Qh4 17. Qc2 g6 18. Rg1 Qh5 19. Rg4 Rf7 20. Bxc6 bxc6
21. Qa4 c5 22. dxc5 Bxc5 23. Qc6 Bxf2 24. Qxa8+
1-0

[Event "Campeonato Argentino 2013"]
[Site "SchemingMind.com"]
[Date "2012.11.20"]
[Round "-"]
[White "Netferatu"]
[Black "emvarela"]
[Result "1-0"]
[WhiteCountry "ARG"]
[BlackCountry "ARG"]
[WhiteElo "2328"]
[WhiteRD "119"]
[BlackElo "1743"]
[BlackRD "47"]
[GameID "321636"]

1. e4 e5 2. Nf3 Nc6 3. Bb5 a6 4. Ba4 Nf6 5. O-O Be7 6. Re1 b5 7. Bb3 O-O 8. Nc3 d6 9. Nd5 Nxd5 10. Bxd5 Bb7
11. d4 exd4 12. Nxd4 Na5 13. Bd2 Bxd5 14. exd5 Bf6 15. Bxa5
1-0

[Event "Campeonato Argentino 2013"]
[Site "SchemingMind.com"]
[Date "2012.11.23"]
[Round "-"]
[White "Mariazb"]
[Black "emvarela"]
[Result "1-0"]
[WhiteCountry "ARG"]
[BlackCountry "ARG"]
[WhiteElo "2276"]
[WhiteRD "94"]
[BlackElo "1759"]
[BlackRD "49"]
[GameID "321637"]

1. d4 Nf6 2. c4 e6 3. Nc3 Bb4 4. e3 O-O 5. Bd3 d5 6. Nf3 c5 7. O-O Nc6 8. a3 Bxc3 9. bxc3 dxc4 10. Bxc4 Qc7
11. Bd3 e5 12. Qc2 exd4 13. cxd4 cxd4 14. Nxd4 Bd7 15. Bb2 Rac8 16. Nb5 Qb6 17. Nd6 Rc7 18. Bxf6 gxf6 19. Bxh7+ Kg7 20. Rfc1
1-0

[Event "Campeonato Argentino 2013"]
[Site "SchemingMind.com"]
[Date "2012.11.19"]
[Round "-"]
[White "jrsanpedro"]
[Black "emvarela"]
[Result "1-0"]
[WhiteCountry "ARG"]
[BlackCountry "ARG"]
[WhiteElo "2236"]
[WhiteRD "74"]
[BlackElo "1757"]
[BlackRD "48"]
[GameID "321638"]

1. e4 e5 2. f4 d5 3. exd5 e4 4. d3 Nf6 5. dxe4 Nxe4 6. Nf3 c6 7. Bd3 Bf5 8. g4 Qxd5 9. gxf5 Bc5 10. Qe2 O-O
11. Bxe4
1-0

[Event "Campeonato Argentino 2013"]
[Site "SchemingMind.com"]
[Date "2012.11.20"]
[Round "-"]
[White "hmvais"]
[Black "emvarela"]
[Result "1-0"]
[WhiteCountry "ARG"]
[BlackCountry "ARG"]
[WhiteElo "2010"]
[WhiteRD "119"]
[BlackElo "1761"]
[BlackRD "51"]
[GameID "321639"]

1. c4 Nf6 2. Nc3 e6 3. e4 d5 4. e5 d4 5. exf6 dxc3 6. fxg7 cxd2+ 7. Bxd2 Bxg7 8. Qc2 Nc6 9. Nf3 O-O 10. O-O-O Qe7
11. Bd3 f5 12. Kb1 Nd4 13. Nxd4 Bxd4 14. g4 c5 15. gxf5 exf5 16. Rhg1+ Kh8 17. Bf4 Bd7 18. Rde1 Qf6 19. Bg5 Qb6 20. Re7 Be6
21. Qe2 Rae8 22. Rxh7+
1-0